Latinskoamerická civilizácia východiská, názory, perspektívy

Saved in:
Bibliographic Details
Main Author: Puchovský, Maroš
Corporate Author: European Commission
Format: Book
Language:Slovak
Published: Bratislava Vydavateľstvo EKONÓM 2006
Subjects:
Tags: Add Tag
No Tags, Be the first to tag this record!

MARC

LEADER 00000nam$a2200000$$$4500
001 0056056
005 20240502071634.1
020 |a 80-225-2256-2 
041 0 |a slo 
044 |a SK 
245 1 0 |a Latinskoamerická civilizácia  |b východiská, názory, perspektívy  |c Maroš Puchovský 
264 1 |a Bratislava  |b Vydavateľstvo EKONÓM  |c 2006 
300 |a 88 s. 
610 2 0 |a civilizácia 
610 2 0 |a Latinská Amerika 
610 2 0 |a vzťahy hospodárske medzinárodné 
100 1 |a Puchovský, Maroš 
710 2 |a European Commission